000 00249nam a2200109Ia 4500
008 220204s9999 xx 000 0 und d
082 _a82-3
_bGUE
100 _aGuest, Judith
245 0 _aSecond heaven
260 _aNew York
_bNal
_c1982
942 _cBK
999 _c37567
_d37567